00722cam a2200217 i 4500020001800000020001500018041000800033082001300041100002200054245003100076260002300107300002300130650002800153650002500181650002400206650003800230942000700268952010600275952010600381999001700487 a9788184656459 a8184656459 aENG a261bDSO1 aD'Souza, Andreas,10aTheology of relationships  aDelhibISPCKc2018 axxviii, 56 pages ; 0aInterpersonal relations 0aTheology, Doctrinal. 0aLiberation theology 0aChristianity and other religions. cBK 00104070aHMIbHMIcGENd2020-06-22eISPCKg175.00l0o261 DSOp11-4441r2020-06-22w2020-06-22yBK 00104070aHMIbHMIcGENd2020-06-22eISPCKg175.00l0o261 DSOp11-4440r2020-06-22w2020-06-22yBK c22994d22994